000 00521nam a2200181Ia 4500
005 20250508160341.0
008 008 250505s9999 xx 000 0 eng d
037 _aTextual
040 _aFEDL
_beng
_cFEDL
041 _aeng
_2eng
084 _a378.73, CEN
_qFEDL
245 0 _aNew directions in degree programs especially for adults
245 0 _cCenter for the Study of Liberal Education for Adults
260 _c1963
300 _a38p.
942 _cTEXL
_h378.73, CEN
999 _c1363931
_d1363931